000 00336nam a2200157Ia 4500
100 _aChen/Chi-Tsang
650 _aDSP
942 _cRB
366 _f20
245 _aOne dimensional digital signal processing
260 _bMarcel Dekker
_c1979
082 _a621.3822
_bCHE
300 _a448
546 _aENGLISH
_cTTL
999 _c32447
_d32447